Derecho y literatura (Registro nro. 2867)

Detalles MARC
000 -LEADER
fixed length control field 01726 a2200229 4500
001 - CONTROL NUMBER
control field 38245
005 - DATE AND TIME OF LATEST TRANSACTION
control field 20260407155647.0
008 - FIXED-LENGTH DATA ELEMENTS--GENERAL INFORMATION
fixed length control field 260407a2015 arg spa d
003 - CONTROL NUMBER IDENTIFIER
control field AR-UNSa-BCEJYS
040 ## - CATALOGING SOURCE
Original cataloging agency AR-UNSa-BCEJYS
Language of cataloging spa
Transcribing agency AR-UNSa-BCEJYS
080 ## - UNIVERSAL DECIMAL CLASSIFICATION NUMBER
Universal Decimal Classification number 340.12
Common auxiliary subdivision Tendencias en la teoría del derecho. Escuelas, doctrinas jurídicas. Filosofía del derecho. Teorías sobre el Estado y el derecho<br/>
020 ## - INTERNATIONAL STANDARD BOOK NUMBER
International Standard Book Number 978-950-23-2519-4
041 ## - LANGUAGE CODE
Language code of text/sound track or separate title spa
100 1# - MAIN ENTRY--PERSONAL NAME
Personal name Roggero, Jorge
245 10 - TITLE STATEMENT
Title Derecho y literatura
Name of part/section of a work textos y contextos
264 #1 - PRODUCTION, PUBLICATION, DISTRIBUTION, MANUFACTURE, AND COPYRIGHT NOTICE
Place of production, publication, distribution, manufacture Buenos Aires :
Name of producer, publisher, distributor, manufacturer EUDEBA (Editorial Universitaria de Buenos Aires)
Date of production, publication, distribution, manufacture, or copyright notice 2015
300 ## - PHYSICAL DESCRIPTION
Extent 270 p.
Dimensions 22 cm.
505 ## - FORMATTED CONTENTS NOTE
Formatted contents note 1. Introducción / Jorge Roggero - 2. Derecho y literatura: un no manifiesto / James Boyd White - 3. Comunidades, textos y derecho: reflexiones sobre el movimiento "Derecho y Literatura" / Robin West - 4. La educación jurídica y la imaginación democrática / Ian Ward - 5. El derecho en la pantalla / Peter Goodrich - 6. Trabajando en cadena. La interpretación en derecho y literatura / Stanley Fish - 7. El reflejo del derecho en la literatura / Francois Ost - 8. Derecho y literatura. Intersecciones instrumental, estructural e institucional / José Calvo González - 9. Derecho y literatura. Algo de lo que sí se puede hablar pero en voz baja / Enrique Eduardo Marí - 10. Porcia y la función paradójica del derecho / Carlos María Cárcova - 11. Hay "derecho y literatura" en la Argentina / Jorge Roggero - 12. Derecho y literatura como teoría crítica del derecho
590 ## - LOCAL NOTE (RLIN)
Local note niveau_biblio:m niveau_hierar:0
856 41 - ELECTRONIC LOCATION AND ACCESS
Uniform Resource Identifier <a href="https://biblioeco.unsa.edu.ar/pmb/images/libros/dchoLit_roggero.jpg">https://biblioeco.unsa.edu.ar/pmb/images/libros/dchoLit_roggero.jpg</a>
Link text Imagen de portada
Electronic format type image/jpeg
942 ## - ADDED ENTRY ELEMENTS (KOHA)
Koha item type
Existencias
Withdrawn status Lost status Damaged status Not for loan Home library Current library Shelving location Date acquired Total checkouts Full call number Barcode Date last seen Price effective from Koha item type
        Biblioteca Prof. Eusebio Cleto del Rey Biblioteca Prof. Eusebio Cleto del Rey   07/04/2026   340.12 R733 L125747 07/04/2026 07/04/2026 Libro